+ Poesia als municipis
Descripción Física:
1 punt de llibre ; 23 x 6 cm
Materias:
Punts de llibre
Idioma:
Catalán
MARC
| LEADER | 00000nrm a22000007a 4500 | ||
|---|---|---|---|
| 001 | 25020 | ||
| 008 | 211122b spa||||| |||| 00| 0 cat d | ||
| 080 | |a NBM-12-26 | ||
| 110 | 1 | |a Barcelona (Catalunya : Província). |b Àrea de Cultura |9 53536 | |
| 245 | |a + Poesia als municipis | ||
| 246 | 3 | 3 | |a Més poesia als municipis |
| 260 | |a Barcelona : |b Diputació de Barcelona ; |c 2018 | ||
| 300 | |a 1 punt de llibre ; |c 23 x 6 cm | ||
| 655 | 0 | |a Punts de llibre |9 52700 | |
| 942 | |2 udc |c ARXIU |n 1 | ||
| 952 | |0 0 |1 0 |2 udc |4 0 |6 NBM1226 |7 1 |9 60834 |a Arxiu |b Arxiu |d 2021-11-22 |l 0 |o NBM-12-26 |p 25020 |r 2021-11-22 00:00:00 |w 2021-11-22 |y ARXIU | ||
| 999 | |c 80963 |d 80963 | ||